| 000 | 00535cam a2200181 a 4500 | ||
|---|---|---|---|
| 020 | _a9780471163787 | ||
| 040 |
_aDLC _cDLC _dDLC _dDLC _dDLC |
||
| 082 | 0 | 0 |
_a658.478 _221 |
| 100 | 1 | _aParker, Donn B. | |
| 245 | 1 | 0 |
_aFighting computer crime : a new framework for protecting information _cDonn B. Parker. |
| 260 |
_aNew York : _bWiley, _cc1998. |
||
| 300 |
_axv, 512 p. ; _c24 cm. |
||
| 500 | _aIncludes index. | ||
| 650 | 0 | _aComputer crimes. | |
| 650 | 0 |
_aComputer crimes _xPrevention. |
|
| 650 | 0 | _aComputer security. | |
| 942 |
_2ddc _cBK |
||
| 999 |
_c11415 _d11415 |
||